Normal view MARC view
  • Huerta, Adolfo de la,

Entry Nombre Personal

Number of records used in: 4

001 - NUMERO DE CONTROL

  • campo de control: 24485

003 - IDENTIFICADOR DE NUMERO DE CONTROL

  • campo de control: UPN

005 - FECHA Y HORA DE LA ÜLTIMA TRANSACCIÓN

  • campo de control: 20221019164309.0

008 - DATOS DE LONGITUD FIJA

  • campo de control de longitud fija: 221019|||azc|naaan a ana |d

035 ## - NUMERO DE CONTROL

  • Número de control: UPN10000024494

040 ## - FUENTE DE CATALOGACIÓN

  • Lenguaje de catalogación: spa
  • Agencia original de catalogación: MX-MxUPN

100 1# - ENCABEZAMIENTO - NOMBRE PERSONAL

  • Nombre personal: Huerta, Adolfo de la,
  • Fechas asociadas con el nombre: 1881-1954

670 ## - FUENTE EN LA QUE SE LOCALIZARON DATOS

  • Cita de la fuente: T
  • Información localizada: Salvat Universal

902 ## - CATALOGADOR

  • Catalogador: MCM/020216